000 00303nam a22001337a 4500
008 180924b xxu||||| |||| 00| 0 eng d
020 _a9781886775077
041 _aeng
080 _a617
100 _a5
101 _aKIR
245 _aGeriatrics Syllabus for Specialists
_cKatz, P.R
942 _2udc
_cBK
999 _c48366
_d48366